Využití moderních laboratorních metod v metalografii /

Hlavní autor: Jandoš, František
Další autoři: Říman, Ríša, Löbl, Karel, 1925-2021
Jazyk: Čeština
Vydáno: Praha : Státní nakladatelství technické literatury, 1985
Vydání: 1. vyd.
Témata:
Fyzický popis: 384 s. : il. ; 25 cm
Knihy
Uloženo v:
LEADER 01042nam a22003132a 4500
001 000106945
003 CZ BrMZK
005 20070608111900.0
007 ta
008 950101s1985 xr f cze d
015 |a cnb000012633 
020 |q (Váz.) :  |c 44 Kčs 
035 |a (OCoLC)20693544 
040 |a ABA001  |b cze  |d ABA001 
080 9 |a 620.18 
100 1 |a Jandoš, František  |7 xx0054906  |4 aut 
245 1 0 |a Využití moderních laboratorních metod v metalografii /  |c František Jandoš, Ríša Říman, Antonín Gemperle 
250 |a 1. vyd. 
260 |a Praha :  |b Státní nakladatelství technické literatury,  |c 1985 
300 |a 384 s. :  |b il. ;  |c 25 cm 
500 |a 1000 výt. 
504 |a Obsahuje bibliografie 
700 1 |a Říman, Ríša  |4 aut 
700 1 |a Löbl, Karel,  |d 1925-2021  |7 jk01072317  |4 wfw 
910 |a BOA001  |b 2-0898.841 
964 |a Metalografie - laboratorní metody 
990 |a BK 
991 |b 200706 
996 6 |b 2619993045  |c 2-0898.841  |l MZK  |r Sklad / do 1 hodiny  |n 16  |w 000106945  |u 000010  |a 1  |e BOA001  |j MZK50  |s P